Aplicaciones prácticas de los dispositivos emisores y detectores de luz

Сохранить в:
Библиографические подробности
Главный автор: Coto Chacón, Fabio Enrique
Формат:
Опубликовано: San José, C.R. 1999
Предметы:
Метки: Добавить метку
Нет меток, Требуется 1-ая метка записи!

MARC

LEADER 00000nam a2200000Ia 4500
003 008134
005 20221231144219.0
008 140114s1999 cr a m 000 ||s d
040 |c cru CEDI 
090 |a TFG 3954 
100 |a Coto Chacón, Fabio Enrique  |9 8779 
245 |a Aplicaciones prácticas de los dispositivos emisores y detectores de luz  
260 |c 1999  |a  San José, C.R. 
300 |a  xi, 72 hojas  
500 |a  Proyecto de graduación (bachillerato en ingeniería eléctrica)--Universidad de Costa Rica. Facultad de Ingeniería. Escuela de Ingeniería Eléctrica 
650 |x ELECTRICIDAD - DISPOSITIVOS DE DISTRIBUCION   |x DISTRIBUCION DE ENERGIA ELECTRICA  |9 8780 
942 |c TFG 
999 |c 18533  |d 18533